|
|
|
|
| LEADER |
00000cam a2200000 a 4500 |
| 001 |
91241 |
| 005 |
20230308182019.0 |
| 008 |
000000|1948 ||||||||r|||||||||||spa|| |
| 040 |
|
|
|b spa
|
| 041 |
0 |
|
|a Español
|
| 082 |
0 |
|
|a 312
|
| 100 |
1 |
|
|a Cisneros Cisneros, César
|9 96512
|
| 245 |
|
|
|a Demografía y estadística sobre el indio ecuatoriano
|c César Cisneros Cisneros
|h imp
|
| 264 |
|
|
|a Quito
|b Talleres Gráficos Nacionales
|c 1948
|
| 300 |
|
|
|a 348 páginas:
|b tab
|c 30 cm
|
| 504 |
|
|
|a incl. ref.
|
| 650 |
|
|
|a Demografia ecuatoriana
|9 96513
|
| 650 |
|
|
|a Estadistica ecuatoriana
|9 96514
|
| 650 |
|
|
|a Indio ecuatoriano
|9 7974
|
| 650 |
|
|
|9 1448
|a Indigenismo
|
| 852 |
|
|
|a UC-CDJBV
|c ESTANTERIA CERRADA
|f Donación
|k margarita.gutierrez
|l 1
|m General
|p 00000000
|q 3.00
|r 2
|t 91241
|b 0
|d CDRC
|e CDRC
|g 312 ESTANTERIA CERRADA
|z 0000-00-00
|
| 942 |
|
|
|c BK
|
| 999 |
|
|
|c 58399
|d 58399
|